| 000 | 00687nam a22002177a 4500 | ||
|---|---|---|---|
| 999 |
_c13655 _d13655 |
||
| 003 | MIRAKIL | ||
| 005 | 20191210123117.0 | ||
| 008 | 191210b tu ||||| |||| 00| 0 tur d | ||
| 020 | _a9789751412577 | ||
| 040 |
_aTR-AnCHP _cTR-AnCHP |
||
| 041 | _atur | ||
| 082 |
_a923.2 Göğüş, A.İ. _bG73h 2008 |
||
| 100 | _aGöğüş, Ali İhsan | ||
| 245 | 1 | 0 |
_aHep İsmet Paşa'nın yanında/ _cAli İhsan Göğüş. |
| 260 |
_aİstanbul: _bRemzi Kitabevi, _c2008. |
||
| 300 |
_a174 s.: _bfotg., _c20 sm. |
||
| 504 | _aDizin vardır. | ||
| 600 | 0 |
_96148 _aGöğüş, Ali İhsan _cSiyasetçi _d1923-2011 _xYaşamöyküsü |
|
| 650 | 0 |
_95055 _aSiyasetçiler _xAnılar _zTürkiye |
|
| 942 |
_2ddc _cBKS |
||